[Event "Vitoria Gasteiz op 1st"]
[Site "Vitoria Gasteiz"]
[Date "2025.07.06"]
[Round "9"]
[White "Morante Rafael, Aritz"]
[Black "Calzetta Ruiz, Monica"]
[Result "1/2-1/2"]
[WhiteElo "2161"]
[BlackElo "2246"]
[PlyCount "61"]
[EventDate "2025.06.30"]
[EventType "swiss"]
[EventRounds "9"]
[EventCountry "ESP"]
[SourceTitle "CB28_2025"]
[SourceDate "2025.07.09"]
[SourceVersion "1"]
[SourceVersionDate "2025.07.09"]
[SourceQuality "1"]

1. e4 c5 2. Nf3 Nc6 3. Bb5 Nf6 4. Bxc6 dxc6 5. d3 Bg4 6. h3 Bxf3 7. Qxf3 e5 8. Be3 Nd7 9. 0-0 Bd6 10. Qg3 Qf6 11. Nd2 Qg6 12. Qxg6 hxg6 13. f4 exf4 14. Nc4 Bc7 15. Bxf4 Bxf4 16. Rxf4 0-0 17. a4 b6 18. h4 f6 19. Rf2 Rfe8 20. b3 Rad8 21. Re1 Ne5 22. Rfe2 Re7 23. Kf2 Kf7 24. g3 Ke6 25. Nxe5 Kxe5 26. Ke3 a5 27. Rf1 Kd6 28. Rfe1 Re5 29. Kf3 Kc7 30. Rf1 b5 31. Ra1 1/2-1/2

[Event "Vitoria Gasteiz op 1st"]
[Site "Vitoria Gasteiz"]
[Date "2025.07.03"]
[Round "6"]
[White "Odriozola Coscolin, Dani"]
[Black "Calzetta Ruiz, Monica"]
[Result "1/2-1/2"]
[WhiteElo "2035"]
[BlackElo "2246"]
[PlyCount "66"]
[EventDate "2025.06.30"]
[EventType "swiss"]
[EventRounds "9"]
[EventCountry "ESP"]
[SourceTitle "CB28_2025"]
[SourceDate "2025.07.09"]
[SourceVersion "1"]
[SourceVersionDate "2025.07.09"]
[SourceQuality "1"]

1. e4 c5 2. Nf3 Nc6 3. Bb5 g6 4. 0-0 Bg7 5. Re1 Nf6 6. Bxc6 dxc6 7. d3 Bg4 8. Nbd2 e5 9. h3 Bxf3 10. Nxf3 Nd7 11. Be3 Qe7 12. Qd2 Nf8 13. Bh6 f6 14. Bxg7 Qxg7 15. Qe3 Ne6 16. c3 0-0 17. Qe2 Qe7 18. Qe3 Qg7 19. Qe2 Qe7 20. Qe3 Qg7 21. Qe2 Qe7 22. Qe3 Qg7 23. Qe2 Qe7 24. Qe3 Qg7 25. d4 cxd4 26. cxd4 exd4 27. Nxd4 Nxd4 28. Qxd4 Rfd8 29. Qc4+ Qf7 30. Qxf7+ Kxf7 31. Rad1 Ke6 32. Kf1 a5 33. Ke2 a4 1/2-1/2

[Event "Vitoria Gasteiz op 1st"]
[Site "Vitoria Gasteiz"]
[Date "2025.06.30"]
[Round "1"]
[White "Calzetta Ruiz, Monica"]
[Black "Toril Murillo, Oscar"]
[Result "1-0"]
[WhiteElo "2246"]
[BlackElo "1700"]
[PlyCount "49"]
[EventDate "2025.06.30"]
[EventType "swiss"]
[EventRounds "9"]
[EventCountry "ESP"]
[SourceTitle "CB28_2025"]
[SourceDate "2025.07.09"]
[SourceVersion "1"]
[SourceVersionDate "2025.07.09"]
[SourceQuality "1"]

1. e4 e5 2. Nf3 Nc6 3. Bb5 f5 4. d3 fxe4 5. dxe4 Nf6 6. 0-0 Bc5 7. Qd3 a6 8. Bxc6 bxc6 9. Nbd2 Qe7 10. Qc3 Bd6 11. Re1 0-0 12. a3 Kh8 13. Nc4 Re8 14. Bg5 h6 15. Bh4 Qe6 16. Bg3 Be7 17. Ncxe5 Bb7 18. Nd4 Qg8 19. Nf5 Bd8 20. Rad1 d6 21. Ng6+ Kh7 22. Nfh4 Rxe4 23. Rxe4 Nxe4 24. Qd3 Nc5 25. Nf8+ 1-0

[Event "Vecindario Montalvo Memorial 17th"]
[Site "Vecindario"]
[Date "2025.04.19"]
[Round "8"]
[White "Gonzalez Perdomo, Sergio"]
[Black "Calzetta Ruiz, Monica"]
[Result "0-1"]
[WhiteElo "1880"]
[BlackElo "2224"]
[PlyCount "72"]
[EventDate "2025.04.12"]
[EventType "swiss"]
[EventRounds "9"]
[EventCountry "ESP"]
[SourceTitle "CB17_2025"]
[SourceDate "2025.04.23"]
[SourceVersion "1"]
[SourceVersionDate "2025.04.23"]
[SourceQuality "1"]

1. d4 Nf6 2. Nf3 c5 3. c4 cxd4 4. Nxd4 Nc6 5. Nc3 g6 6. e4 d6 7. Be2 Nxd4 8. Qxd4 Bg7 9. Be3 0-0 10. Qd2 Be6 11. Rd1 Qa5 12. 0-0 Rfc8 13. b3 a6 14. Bf3 Nd7 15. Bd4 Bxd4 16. Qxd4 b5 17. Nd5 Bxd5 18. Qxd5 Qxa2 19. cxb5 axb5 20. Qxb5 Ne5 21. Qb7 Kf8 22. Ra1 Qxa1 23. Qxc8+ Kg7 24. Qb7 Ra7 25. Qb6 Ra3 26. Qc7 Nxf3+ 27. gxf3 Qf6 28. Qc2 Ra5 29. Qd3 Rh5 30. Rb1 Qg5+ 31. Kf1 Rxh2 32. Ke2 Qc5 33. Rf1 h5 34. f4 Rh4 35. f5 Qe5 36. f3 Rh2+ 0-1

[Event "EU-ch (Women) 25th"]
[Site "Rhodes"]
[Date "2025.04.09"]
[Round "9"]
[White "Caku, Kler"]
[Black "Calzetta Ruiz, Monica"]
[Result "0-1"]
[WhiteElo "2036"]
[BlackElo "2224"]
[PlyCount "92"]
[EventDate "2025.03.31"]
[EventType "swiss"]
[EventRounds "11"]
[EventCountry "GRE"]
[SourceTitle "CB16_2025"]
[SourceDate "2025.04.16"]
[SourceVersion "1"]
[SourceVersionDate "2025.04.16"]
[SourceQuality "1"]

1. e4 c5 2. Nf3 Nc6 3. d4 cxd4 4. Nxd4 g6 5. Nc3 Bg7 6. Be3 Nf6 7. Bc4 0-0 8. Bb3 d5 9. Nxc6 bxc6 10. exd5 cxd5 11. 0-0 Bb7 12. Bd4 e6 13. Qf3 Nd7 14. Bxg7 Kxg7 15. Rad1 Qf6 16. Qxf6+ Nxf6 17. Rfe1 Rfc8 18. Rd4 Bc6 19. f3 Rab8 20. Nd1 Nd7 21. c3 a5 22. Kf2 Nc5 23. Bc2 a4 24. h4 Rb6 25. h5 Rcb8 26. hxg6 hxg6 27. Rh4 Rxb2 28. Nxb2 Rxb2 29. Re2 Rxa2 30. Rb4 a3 31. Rb6 Bd7 32. Rb1 e5 33. Ke3 Be6 34. Bd3 d4+ 35. cxd4 exd4+ 36. Kxd4 Rxe2 37. Bxe2 a2 38. Re1 Nb3+ 39. Kc3 a1Q+ 40. Rxa1 Nxa1 41. Bd1 Kf6 42. Kb2 Nb3 43. Bxb3 Bxb3 44. Kxb3 Ke5 45. Kc4 Kf4 46. Kd3 Kg3 0-1

[Event "EU-ch (Women) 25th"]
[Site "Rhodes"]
[Date "2025.04.07"]
[Round "7"]
[White "Doluhanova, Evgeniya"]
[Black "Calzetta Ruiz, Monica"]
[Result "1-0"]
[WhiteElo "2266"]
[BlackElo "2224"]
[PlyCount "78"]
[EventDate "2025.03.31"]
[EventType "swiss"]
[EventRounds "11"]
[EventCountry "GRE"]
[SourceTitle "CB16_2025"]
[SourceDate "2025.04.16"]
[SourceVersion "1"]
[SourceVersionDate "2025.04.16"]
[SourceQuality "1"]

1. d4 d5 2. Nf3 c5 3. c4 Nf6 4. cxd5 cxd4 5. Nxd4 Nxd5 6. e4 Nf6 7. Bb5+ Bd7 8. Bxd7+ Nbxd7 9. Nc3 g6 10. 0-0 Bg7 11. Re1 e5 12. Nb3 0-0 13. Be3 Qe7 14. Qe2 Rfc8 15. Red1 Qb4 16. f3 Bf8 17. Kf1 Nb6 18. Bg5 Be7 19. Nc1 Kg7 20. Nd3 Qa5 21. Rac1 h6 22. Bh4 Rc6 23. Be1 Nbd7 24. Nd5 Qd8 25. Rxc6 bxc6 26. Nxf6 Kxf6 27. Nxe5 Nxe5 28. Rxd8 Rxd8 29. Bc3 Ke6 30. Bxe5 Kxe5 31. Qc4 Rd1+ 32. Ke2 Rb1 33. Qc3+ Ke6 34. Qxc6+ Bd6 35. e5 Rxb2+ 36. Kd3 Rb6 37. Qe8+ Be7 38. f4 Rb4 39. Qc8+ Kd5 1-0

[Event "EU-ch (Women) 25th"]
[Site "Rhodes"]
[Date "2025.04.01"]
[Round "2"]
[White "Calzetta Ruiz, Monica"]
[Black "Tirpan, Ceren"]
[Result "1-0"]
[WhiteElo "2224"]
[BlackElo "2051"]
[PlyCount "83"]
[EventDate "2025.03.31"]
[EventType "swiss"]
[EventRounds "11"]
[EventCountry "GRE"]
[SourceTitle "CB16_2025"]
[SourceDate "2025.04.16"]
[SourceVersion "1"]
[SourceVersionDate "2025.04.16"]
[SourceQuality "1"]

1. e4 c5 2. Nf3 e6 3. d4 cxd4 4. Nxd4 a6 5. c4 Nf6 6. Nc3 Bb4 7. Qd3 0-0 8. e5 Ne8 9. Bf4 d6 10. exd6 Bxd6 11. Nf3 Qe7 12. Bxd6 Nxd6 13. 0-0-0 Nf5 14. g4 Nh4 15. Nxh4 Qxh4 16. Qg3 Qg5+ 17. f4 Qa5 18. Bd3 b5 19. Qh4 f5 20. gxf5 exf5 21. Rhg1 Ra7 22. Nd5 Qd8 23. Qxd8 Rxd8 24. Bxf5 Bxf5 25. Nf6+ Kf7 26. Rxd8 gxf6 27. Rxb8 Rc7 28. b3 bxc4 29. b4 c3 30. b5 axb5 31. Rxb5 Be4 32. f5 Ra7 33. Rg4 Bd3 34. Rd5 Be2 35. Rgd4 Rxa2 36. Rd7+ Kg8 37. Rc7 Ra8 38. Rxc3 Bh5 39. Rc7 Ra1+ 40. Kb2 Re1 41. Rdd7 Re2+ 42. Kc3 1-0

[Event "EU-ch blitz (Women)"]
[Site "Monaco"]
[Date "2025.01.10"]
[Round "10"]
[White "Calzetta Ruiz, Monica"]
[Black "Charkhalashvili, Inga"]
[Result "0-1"]
[WhiteElo "2230"]
[BlackElo "2240"]
[PlyCount "78"]
[EventDate "2025.01.10"]
[EventType "swiss (blitz)"]
[EventRounds "13"]
[EventCountry "MNC"]
[SourceTitle "CB03_2025"]
[SourceDate "2025.01.15"]
[SourceVersion "1"]
[SourceVersionDate "2025.01.15"]
[SourceQuality "1"]

1. e4 d5 2. exd5 Qxd5 3. Nf3 Bg4 4. Be2 c6 5. 0-0 e6 6. d4 Nf6 7. c4 Qd8 8. Nc3 Be7 9. Be3 0-0 10. Re1 Nbd7 11. h3 Bxf3 12. Bxf3 Nb6 13. b3 Rc8 14. Qc2 Qc7 15. Rad1 Rfd8 16. a4 Bb4 17. Re2 c5 18. Nb5 Qb8 19. a5 Nbd7 20. dxc5 Nxc5 21. Bxc5 Bxc5 22. Red2 a6 23. Nc3 Rxd2 24. Qxd2 Bb4 25. Qd3 Bxa5 26. Ne4 Nxe4 27. Qxe4 b5 28. Rd7 bxc4 29. Rb7 Qd6 30. bxc4 Bb4 31. g3 Bc5 32. Kg2 a5 33. Bh5 g6 34. Qf3 Rf8 35. Qf6 Bd4 36. Qf3 gxh5 37. Qe4 Bg7 38. Rb5 a4 39. Rxh5 f5 0-1

[Event "ESP-ch 89th"]
[Site "Marbella"]
[Date "2024.12.15"]
[Round "5"]
[White "Calzetta Ruiz, Monica"]
[Black "Perea Fruet, Lorenzo"]
[Result "1/2-1/2"]
[WhiteElo "2208"]
[BlackElo "2384"]
[PlyCount "111"]
[EventDate "2024.12.11"]
[EventType "swiss"]
[EventRounds "9"]
[EventCountry "ESP"]
[SourceTitle "CB52_2024"]
[SourceDate "2024.12.25"]
[SourceVersion "1"]
[SourceVersionDate "2024.12.25"]
[SourceQuality "1"]

1. e4 c5 2. Nf3 Nc6 3. Nc3 Nf6 4. d4 cxd4 5. Nxd4 e5 6. Ndb5 d6 7. Bg5 a6 8. Na3 b5 9. Nd5 Be7 10. Bxf6 Bxf6 11. c4 b4 12. Nc2 0-0 13. g3 Be6 14. Bg2 Bg5 15. h4 Bh6 16. 0-0 Qa5 17. b3 Qc5 18. a3 bxa3 19. b4 Qa7 20. Rxa3 Qb8 21. Ra4 a5 22. b5 Nd8 23. Ne7+ Kh8 24. Nf5 Nb7 25. Nxh6 gxh6 26. Qd2 Nc5 27. Rxa5 Rxa5 28. Qxa5 Bxc4 29. Rb1 Bd3 30. Qd2 Kg7 31. Rb4 Bxc2 32. Qxc2 Qb6 33. Qd1 Ra8 34. Rb1 Ra2 35. Qg4+ Kf8 36. Qc8+ Ke7 37. Qc6 Qxc6 38. bxc6 Ra6 39. Rb8 Rxc6 40. Rh8 Nd3 41. Rxh7 Rc1+ 42. Bf1 Ne1 43. Rxh6 Nf3+ 44. Kg2 Nd2 45. Be2 Nxe4 46. Rh8 Kf6 47. Rd8 Ke7 48. Ra8 Kf6 49. Ra6 Ke7 50. h5 Rc8 51. Ra7+ Kf6 52. Bf3 Nc3 53. Ra6 Ke7 54. Ra7+ Kf6 55. Ra6 Ke7 56. Ra7+ 1/2-1/2

[Event "ESP-ch 89th"]
[Site "Marbella"]
[Date "2024.12.14"]
[Round "4"]
[White "Lin, Ying Rui"]
[Black "Calzetta Ruiz, Monica"]
[Result "1/2-1/2"]
[WhiteElo "2392"]
[BlackElo "2208"]
[PlyCount "78"]
[EventDate "2024.12.11"]
[EventType "swiss"]
[EventRounds "9"]
[EventCountry "ESP"]
[SourceTitle "CB52_2024"]
[SourceDate "2024.12.25"]
[SourceVersion "1"]
[SourceVersionDate "2024.12.25"]
[SourceQuality "1"]

1. Nf3 d5 2. c4 e6 3. g3 c5 4. Bg2 Nf6 5. 0-0 Nc6 6. cxd5 exd5 7. d4 c4 8. b3 cxb3 9. axb3 Bf5 10. Ne5 Rc8 11. Bb2 a6 12. Nc3 Bb4 13. Nxc6 Rxc6 14. Nxd5 Nxd5 15. e4 Be6 16. exd5 Bxd5 17. Qe2+ Re6 18. Qh5 Bxg2 19. Kxg2 0-0 20. d5 Rg6 21. Rfd1 Qd7 22. Rd4 Be7 23. Re4 Bf6 24. Bxf6 Rxf6 25. Re5 g6 26. Qe2 Rd8 27. Rd1 b5 28. Rd4 h5 29. b4 Kg7 30. h3 Rc8 31. Rf4 Rxf4 32. gxf4 Rc3 33. f5 Qd6 34. Qe4 Rc4 35. Qe3 Kf6 36. f4 Qxb4 37. Re6+ Kg7 38. Qe5+ Kh7 39. Qe3 Kg7 1/2-1/2

[Event "Wch Seniors (Women) 32nd"]
[Site "Porto Santo"]
[Date "2024.11.26"]
[Round "9"]
[White "Tereladze, Sopiko"]
[Black "Calzetta Ruiz, Monica"]
[Result "1/2-1/2"]
[WhiteElo "2185"]
[BlackElo "2217"]
[PlyCount "147"]
[EventDate "2024.11.17"]
[EventType "swiss"]
[EventRounds "11"]
[EventCountry "POR"]
[SourceTitle "CB49_2024"]
[SourceDate "2024.12.04"]
[SourceVersion "1"]
[SourceVersionDate "2024.12.04"]
[SourceQuality "1"]

1. e4 c5 2. Nf3 g6 3. d4 cxd4 4. Qxd4 Nf6 5. e5 Nc6 6. Qa4 Nd5 7. Qb3 Nc7 8. Ng5 Ne6 9. Nxe6 fxe6 10. f4 Bh6 11. Bd3 0-0 12. 0-0 Nxe5 13. Be2 Nc6 14. c3 b6 15. Na3 Bb7 16. Qd1 a6 17. Qe1 b5 18. Nc2 Qc7 19. Qh4 Bg7 20. Be3 Rf7 21. a4 Na5 22. axb5 axb5 23. Bxb5 Nc4 24. Rxa8+ Bxa8 25. Bxc4 Qxc4 26. Qe1 Bxg2 27. Kxg2 Qe4+ 28. Kg1 Qxc2 29. Rf2 Qb3 30. Qd2 d6 31. Qc2 Qc4 32. Qe2 Qb3 33. Qc2 Qc4 34. Qe2 Qxe2 35. Rxe2 Rf8 36. Rc2 Bh6 37. Re2 Bxf4 38. Bxf4 Rxf4 39. Rxe6 Kf7 40. Re3 e5 41. Kg2 Ke6 42. Re1 d5 43. Ra1 d4 44. cxd4 Rxd4 45. Ra7 h5 46. Rb7 g5 47. b4 Kf5 48. b5 Rd2+ 49. Kg1 Rb2 50. b6 e4 51. Rf7+ Kg4 52. Re7 Kf3 53. Rf7+ Kg4 54. Re7 Rxb6 55. Rxe4+ Kf3 56. Re1 Rb2 57. Rf1+ Kg4 58. Rc1 Kh4 59. Rc4+ g4 60. Rc3 Re2 61. Rb3 Rc2 62. Ra3 Rc5 63. Rb3 Kg5 64. Ra3 h4 65. Ra1 Rc3 66. Rb1 Kf4 67. Rf1+ Rf3 68. Ra1 Rd3 69. Rf1+ Ke4 70. Re1+ Re3 71. Rxe3+ Kxe3 72. h3 g3 73. Kg2 Ke2 74. Kg1 1/2-1/2

[Event "Wch Seniors (Women) 32nd"]
[Site "Porto Santo"]
[Date "2024.11.25"]
[Round "8"]
[White "Calzetta Ruiz, Monica"]
[Black "Baliuniene, Margarita"]
[Result "1-0"]
[WhiteElo "2217"]
[BlackElo "1930"]
[PlyCount "89"]
[EventDate "2024.11.17"]
[EventType "swiss"]
[EventRounds "11"]
[EventCountry "POR"]
[SourceTitle "CB49_2024"]
[SourceDate "2024.12.04"]
[SourceVersion "1"]
[SourceVersionDate "2024.12.04"]
[SourceQuality "1"]

1. e4 c5 2. Nf3 Nc6 3. d4 cxd4 4. Nxd4 d6 5. Nc3 Nf6 6. Be2 g6 7. Be3 Bg7 8. Nb3 0-0 9. Qd2 Be6 10. Bh6 Rc8 11. h4 Ne5 12. Bxg7 Kxg7 13. h5 Rh8 14. h6+ Kf8 15. 0-0-0 Bxb3 16. axb3 Qa5 17. f3 Nc6 18. Kb1 Nb4 19. g4 Rg8 20. g5 Nh5 21. Bc4 Rc5 22. f4 b5 23. Bd5 Nxd5 24. exd5 Ng3 25. Rhe1 Nf5 26. Re4 Qb6 27. Qd3 a6 28. b4 Rc7 29. Rde1 Qb7 30. Ne2 Ke8 31. Nd4 Nxd4 32. Qxd4 Kd8 33. Qg7 Re8 34. Qxf7 e5 35. Qf6+ Kc8 36. Qxd6 Rd7 37. Qc6+ Qxc6 38. dxc6 Rde7 39. Rxe5 Rxe5 40. Rxe5 Rxe5 41. fxe5 Kc7 42. b3 Kxc6 43. c4 Kd7 44. c5 Ke6 45. c6 1-0

[Event "Olympiad Women-45"]
[Site "Budapest"]
[Date "2024.09.21"]
[Round "10.4"]
[White "Sargsyan, Anna M"]
[Black "Calzetta Ruiz, Monica"]
[Result "1-0"]
[WhiteElo "2364"]
[BlackElo "2199"]
[PlyCount "79"]
[EventDate "2024.09.11"]
[EventType "team-swiss"]
[EventRounds "11"]
[EventCountry "HUN"]
[SourceTitle "EXT 2025"]
[Source "ChessBase"]
[SourceDate "2024.10.14"]
[SourceVersion "1"]
[SourceVersionDate "2024.10.14"]
[SourceQuality "1"]
[WhiteTeam "Armenia (W)"]
[BlackTeam "Spain (W)"]
[WhiteTeamCountry "ARM"]
[BlackTeamCountry "ESP"]

1. e4 c5 2. Nf3 g6 3. d4 cxd4 4. Qxd4 Nf6 5. Qa4 Nc6 6. Nc3 d6 7. e5 dxe5 8. Nxe5 Bd7 9. Nxd7 Nxd7 10. Bb5 Bg7 11. 0-0 0-0 12. Rd1 Qc8 13. Nd5 Nb6 14. Nxb6 axb6 15. Qc4 Rd8 16. Rxd8+ Qxd8 17. c3 Na7 18. Be3 Rc8 19. Qb3 Nxb5 20. Qxb5 Rc6 21. g3 h5 22. h4 Bf6 23. a4 Rd6 24. Kh2 Kg7 25. Qb3 e5 26. Qb4 Qc7 27. Qe4 Qd7 28. Kg2 b5 29. a5 Rc6 30. Qf3 Rd6 31. Bc5 Rd2 32. b4 Rd3 33. Bf8+ Kxf8 34. Qxf6 Qd5+ 35. Kh2 Rxc3 36. Re1 Qf3 37. Qh8+ Ke7 38. Qxe5+ Kd7 39. Qe8+ Kd6 40. Rd1+ 1-0

[Event "San Cristobal de La Laguna rapid op"]
[Site "San Cristobal de La Laguna"]
[Date "2024.08.31"]
[Round "3"]
[White "Calzetta Ruiz, Monica"]
[Black "Gagunashvili, Merab"]
[Result "0-1"]
[WhiteElo "2159"]
[BlackElo "2452"]
[PlyCount "76"]
[EventDate "2024.08.31"]
[EventType "swiss"]
[EventRounds "9"]
[EventCountry "ESP"]
[SourceTitle "EXT 2025"]
[Source "ChessBase"]
[SourceDate "2024.10.14"]
[SourceVersion "1"]
[SourceVersionDate "2024.10.14"]
[SourceQuality "1"]

1. e4 c5 2. Nf3 e6 3. d4 cxd4 4. Nxd4 a6 5. Nc3 b5 6. Bd3 Bb7 7. 0-0 Nc6 8. Nxc6 Bxc6 9. Qe2 Nf6 10. Bg5 Be7 11. e5 Nd5 12. Bxe7 Nxc3 13. Bxd8 Nxe2+ 14. Bxe2 Kxd8 15. c4 f6 16. f4 bxc4 17. Bxc4 Ke7 18. Rad1 a5 19. Rd3 a4 20. Rg3 g6 21. h4 Ra5 22. Re1 Rf8 23. h5 fxe5 24. fxe5 gxh5 25. Bd3 Rf7 26. Rg5 h6 27. Rxh5 Rg7 28. Re2 Rd5 29. Bc2 Rc5 30. Rxh6 Bf3 31. Rf2 Bxg2 32. Rh7 Rxh7 33. Bxh7 Bc6 34. Re2 Rc1+ 35. Kf2 Rh1 36. Bc2 Bb5 37. Rd2 Rh5 38. Rd4 Rh2+ 0-1

[Event "San Cristobal de La Laguna rapid op"]
[Site "San Cristobal de La Laguna"]
[Date "2024.08.31"]
[Round "4"]
[White "De la Cruz Perez, Carlos"]
[Black "Calzetta Ruiz, Monica"]
[Result "0-1"]
[WhiteElo "1819"]
[BlackElo "2159"]
[PlyCount "64"]
[EventDate "2024.08.31"]
[EventType "swiss"]
[EventRounds "9"]
[EventCountry "ESP"]
[SourceTitle "EXT 2025"]
[Source "ChessBase"]
[SourceDate "2024.10.14"]
[SourceVersion "1"]
[SourceVersionDate "2024.10.14"]
[SourceQuality "1"]

1. e4 c5 2. Nf3 Nc6 3. d4 cxd4 4. Nxd4 g6 5. Nc3 Bg7 6. Be3 Nf6 7. Bc4 0-0 8. Bb3 d6 9. f3 Bd7 10. Qd2 Na5 11. 0-0-0 Rc8 12. Kb1 Nc4 13. Bxc4 Rxc4 14. g4 Qa5 15. h4 Rfc8 16. g5 Nh5 17. Nd5 Qd8 18. Ne2 Rxc2 19. Qxc2 Rxc2 20. Kxc2 Ba4+ 21. b3 Bc6 22. Nec3 e6 23. Nb4 Qa5 24. a3 Qxa3 25. Nxc6 bxc6 26. Bd4 Nf4 27. Ra1 Qb4 28. Bxg7 Kxg7 29. Rhd1 d5 30. Rxa7 d4 31. Na4 d3+ 32. Kc1 Ne2+ 0-1

[Event "San Cristobal de La Laguna op-A 6th"]
[Site "San Cristobal de La Laguna"]
[Date "2024.08.24"]
[Round "1"]
[White "Ramirez Maillo, Juan Adonay"]
[Black "Calzetta Ruiz, Monica"]
[Result "0-1"]
[WhiteElo "1965"]
[BlackElo "2220"]
[PlyCount "50"]
[EventDate "2024.08.24"]
[EventType "swiss"]
[EventRounds "9"]
[EventCountry "ESP"]
[SourceTitle "CBM 221 Extra"]
[Source "ChessBase"]
[SourceDate "2024.09.30"]
[SourceVersion "1"]
[SourceVersionDate "2024.09.30"]
[SourceQuality "1"]

1. e4 c5 2. c3 d5 3. exd5 Qxd5 4. Nf3 g6 5. Na3 Bg7 6. d4 cxd4 7. Bc4 Qe4+ 8. Be3 Nh6 9. Nb5 0-0 10. cxd4 Nc6 11. Nc3 Qg4 12. 0-0 Nf5 13. h3 Qh5 14. d5 Nxe3 15. fxe3 Ne5 16. Bb3 Bd7 17. Ne4 Bb5 18. Rf2 Nd3 19. Rd2 Nxb2 20. Rxb2 Bxb2 21. Rb1 Bg7 22. a4 Bd7 23. Nc5 Bc8 24. e4 b6 25. Nd3 e5 0-1

[Event "La Palma Island op"]
[Site "Santa Cruz de La Palma"]
[Date "2024.08.08"]
[Round "9"]
[White "Calzetta Ruiz, Monica"]
[Black "Fuentes Godoy, Lilia Ivonne"]
[Result "1-0"]
[WhiteElo "2220"]
[BlackElo "2131"]
[PlyCount "99"]
[EventDate "2024.08.02"]
[EventType "swiss"]
[EventRounds "10"]
[EventCountry "ESP"]
[SourceTitle "CBM 221 Extra"]
[Source "ChessBase"]
[SourceDate "2024.09.30"]
[SourceVersion "1"]
[SourceVersionDate "2024.09.30"]
[SourceQuality "1"]

1. e4 c6 2. d4 d5 3. exd5 cxd5 4. Bd3 Nc6 5. c3 Nf6 6. Bf4 g6 7. h3 Bg7 8. Nf3 0-0 9. 0-0 a6 10. a4 Bf5 11. Be2 Ne4 12. Nbd2 Qb6 13. Nb3 Rfe8 14. a5 Qd8 15. Ra3 h6 16. Qa1 g5 17. Bh2 Qc8 18. Re1 Kh8 19. Nc1 g4 20. hxg4 Bxg4 21. Nd3 Rg8 22. Qc1 Qf8 23. Nde5 Nxe5 24. dxe5 e6 25. Bf4 Rc8 26. Qe3 Nc5 27. c4 dxc4 28. Bxc4 Bxf3 29. Qxf3 Qe7 30. Qh5 f5 31. Bxh6 Bxh6 32. Qxh6+ Qh7 33. Qf6+ Rg7 34. Bxe6 Nxe6 35. Qxe6 Rc6 36. Qd5 Rh6 37. g3 f4 38. e6 fxg3 39. Rxg3 Rxg3+ 40. fxg3 Qc2 41. Qe5+ Kg8 42. Qb8+ Kg7 43. Qxb7+ Kh8 44. Qb8+ Kh7 45. Qa7+ Kh8 46. Qd4+ Kg8 47. Qg4+ Kh8 48. Qe2 Qh7 49. Qe5+ Kg8 50. Qb8+ 1-0

[Event "La Palma Island op"]
[Site "Santa Cruz de La Palma"]
[Date "2024.08.06"]
[Round "6"]
[White "Bethencourt Hernandez, Alberto"]
[Black "Calzetta Ruiz, Monica"]
[Result "1-0"]
[WhiteElo "2033"]
[BlackElo "2220"]
[PlyCount "83"]
[EventDate "2024.08.02"]
[EventType "swiss"]
[EventRounds "10"]
[EventCountry "ESP"]
[SourceTitle "CBM 221 Extra"]
[Source "ChessBase"]
[SourceDate "2024.09.30"]
[SourceVersion "1"]
[SourceVersionDate "2024.09.30"]
[SourceQuality "1"]

1. e4 e5 2. Nf3 Nf6 3. Nxe5 Nc6 4. Nxc6 dxc6 5. d3 Bc5 6. Be2 h5 7. c3 Ng4 8. d4 Qh4 9. g3 Qf6 10. f3 h4 11. fxg4 hxg3 12. Be3 Be7 13. h3 g2 14. Rg1 Rxh3 15. Bf2 Qf4 16. Nd2 Rh1 17. Bf3 Bh4 18. Ke2 Bxf2 19. Kxf2 Bxg4 20. Qe2 Rxg1 21. Rxg1 Bh3 22. Qe3 Qh4+ 23. Ke2 0-0-0 24. Bxg2 Be6 25. Rh1 Qe7 26. Bh3 g5 27. Bxe6+ Qxe6 28. Qh3 g4 29. Qh5 Qxa2 30. Qxg4+ Kb8 31. Qg5 Rc8 32. b3 Qc2 33. Rh3 b6 34. Qg3 Re8 35. Qf3 Kb7 36. Qd3 Qc1 37. Rf3 Qh1 38. Rxf7 Rg8 39. Rf2 Rg1 40. Qf3 Re1+ 41. Kd3 Qh6 42. Rf1 1-0

[Event "La Palma Island op"]
[Site "Santa Cruz de La Palma"]
[Date "2024.08.05"]
[Round "5"]
[White "Calzetta Ruiz, Monica"]
[Black "Ramirez Maillo, Cristian"]
[Result "1/2-1/2"]
[WhiteElo "2220"]
[BlackElo "1985"]
[PlyCount "26"]
[EventDate "2024.08.02"]
[EventType "swiss"]
[EventRounds "10"]
[EventCountry "ESP"]
[SourceTitle "CBM 221 Extra"]
[Source "ChessBase"]
[SourceDate "2024.09.30"]
[SourceVersion "1"]
[SourceVersionDate "2024.09.30"]
[SourceQuality "1"]

1. e4 e5 2. Nf3 Nc6 3. Bb5 a6 4. Ba4 f5 5. d3 fxe4 6. dxe4 Nf6 7. 0-0 d6 8. Bg5 Be7 9. Bxf6 Bxf6 10. Qd5 Bd7 11. Nc3 Qe7 12. a3 g5 13. b4 0-0-0 1/2-1/2

[Event "Salamanca Masters 7th"]
[Site "Salamanca"]
[Date "2024.05.23"]
[Round "4"]
[White "Calzetta Ruiz, Monica"]
[Black "Iturrizaga Bonelli, Eduardo"]
[Result "0-1"]
[WhiteElo "2244"]
[BlackElo "2591"]
[PlyCount "78"]
[EventDate "2024.05.22"]
[EventType "tourn (rapid)"]
[EventRounds "7"]
[EventCountry "ESP"]
[EventCategory "12"]
[SourceTitle "CBM 220 Extra"]
[Source "ChessBase"]
[SourceDate "2024.07.31"]
[SourceVersion "1"]
[SourceVersionDate "2024.07.31"]
[SourceQuality "1"]

1. e4 c5 2. Nf3 e6 3. d4 cxd4 4. Nxd4 a6 5. Nc3 b5 6. Bd3 Bb7 7. 0-0 b4 8. Na4 Nc6 9. Nxc6 Bxc6 10. c4 bxc3 11. Nxc3 Bc5 12. Qe2 Qb6 13. Nd5 Bxd5 14. exd5 Nf6 15. dxe6 fxe6 16. Bg5 0-0 17. Bxf6 gxf6 18. Rac1 f5 19. Rc4 Bd4 20. b3 a5 21. Rfc1 Kh8 22. Kf1 Rg8 23. Qf3 Raf8 24. Rc7 Qd6 25. g3 Bb6 26. Rb7 Rg7 27. Bb5 e5 28. Qd1 Qh6 29. Bxd7 Bxf2 30. Rc8 Qh3+ 31. Kxf2 Qxh2+ 32. Kf1 Qh3+ 33. Ke2 Qg2+ 34. Ke1 Qxg3+ 35. Kd2 Rxd7+ 36. Rxd7 Rxc8 37. Qh5 Qf2+ 38. Kd1 Qf1+ 39. Kd2 Qc1+ 0-1

[Event "Salamanca Masters 7th"]
[Site "Salamanca"]
[Date "2024.05.22"]
[Round "2"]
[White "Calzetta Ruiz, Monica"]
[Black "Muzychuk, Mariya"]
[Result "0-1"]
[WhiteElo "2244"]
[BlackElo "2510"]
[PlyCount "44"]
[EventDate "2024.05.22"]
[EventType "tourn (rapid)"]
[EventRounds "7"]
[EventCountry "ESP"]
[EventCategory "12"]
[SourceTitle "CBM 220 Extra"]
[Source "ChessBase"]
[SourceDate "2024.07.31"]
[SourceVersion "1"]
[SourceVersionDate "2024.07.31"]
[SourceQuality "1"]

1. e4 c6 2. d4 d5 3. exd5 cxd5 4. c4 Nf6 5. Nc3 Nc6 6. Bg5 Be6 7. Nf3 g6 8. Bxf6 exf6 9. c5 Bg7 10. Be2 0-0 11. 0-0 g5 12. h3 f5 13. Re1 g4 14. hxg4 fxg4 15. Ne5 Nxe5 16. dxe5 Qg5 17. Nxd5 Rad8 18. Bc4 Bxe5 19. Qc1 Qg7 20. Ne7+ Kh8 21. Bxe6 fxe6 22. Rb1 Bf6 0-1